|
|
|
|
| LEADER |
01629cas a2200241 a 4500 |
| 001 |
AALejournalIMF003454 |
| 008 |
230101c9999 xx r poo 0 0eng d |
| 020 |
|
|
|c 5.00 USD
|
| 020 |
|
|
|z 9781451845624
|
| 022 |
|
|
|a 1018-5941
|
| 040 |
|
|
|a BD-DhAAL
|c BD-DhAAL
|
| 100 |
1 |
|
|a Lizondo, Jose Saul.
|
| 245 |
1 |
0 |
|a Real Exchange Rate Targeting Under Imperfect Asset Substitutability /
|c Jose Saul Lizondo.
|
| 264 |
|
1 |
|a Washington, D.C. :
|b International Monetary Fund,
|c 1993.
|
| 300 |
|
|
|a 1 online resource (30 pages)
|
| 490 |
1 |
|
|a IMF Working Papers
|
| 500 |
|
|
|a <strong>Off-Campus Access:</strong> No User ID or Password Required
|
| 500 |
|
|
|a <strong>On-Campus Access:</strong> No User ID or Password Required
|
| 506 |
|
|
|a Electronic access restricted to authorized BRAC University faculty, staff and students
|
| 520 |
3 |
|
|a This paper presents a model of an economy that uses nominal exchange rate policy to keep the real exchange rate constant at a certain target level, under imperfect asset substitutability. The paper discusses the determinants of inflation under such a policy, and examines the consequences of exogenous and policy-induced shocks on inflation, the external accounts, and the fiscal accounts. The shocks considered include changes in the real exchange rate target, changes in fiscal policy, changes in foreign interest rates, and open market sales of public sector domestic bonds.
|
| 538 |
|
|
|a Mode of access: Internet
|
| 830 |
|
0 |
|a IMF Working Papers; Working Paper ;
|v No. 1993/038
|
| 856 |
4 |
0 |
|z Full text available on IMF
|u http://elibrary.imf.org/view/journals/001/1993/038/001.1993.issue-038-en.xml
|z IMF e-Library
|